000
00342nam a22001697a 4500
003
UA-OsUOA
001
2859
007
ta
008
20050721b un ||||| |||| 00| 0 ukr d
100
_a
Barth
700
_a
John
942
_c
BK
040
_a
UA-OsUOA
_c
UA-OsUOA
_d
UA-OsUOA
245
_a
Sabbatical.
_b
Fiction
955
_a
2
650
7
_2
UDC
999
_c
289021
_d
289021